Estudio diagnóstico sobre la violencia sexual contra las mujeres en el Estado de San Luis Potosí, México. (Record no. 191106)

MARC details
000 -CABECERA
campo de control de longitud fija 00673nmm a2200193 u 4500
005 - FECHA Y HORA DE LA ÚLTIMA TRANSACCIÓN
campo de control 20230303063624.0
008 - ELEMENTOS DE LONGITUD FIJA--INFORMACIÓN GENERAL
campo de control de longitud fija 170621s2014 mx b spa d
020 ## - NÚMERO INTERNACIONAL NORMALIZADO PARA LIBROS
Número Internacional Estándar del Libro 9786079401481
035 ## - NÚMERO DE CONTROL DEL SISTEMA
Número de control de sistema UPN01000219006
049 ## - COLECCIÓN
Colección CD
050 #4 - SIGNATURA TOPOGRÁFICA DE LA BIBLIOTECA DEL CONGRESO
Número de clasificación HV6556
Número de documento/Ítem E7.7
245 00 - MENCIÓN DE TÍTULO
Título Estudio diagnóstico sobre la violencia sexual contra las mujeres en el Estado de San Luis Potosí, México.
260 ## - PUBLICACIÓN, DISTRIBUCIÓN, ETC.
Lugar de publicación, distribución, etc. México :
Nombre del editor, distribuidor, etc. Consejo Estatal de Población :
-- El Colegio de San Luis :
-- UNFPA,
Fecha de publicación, distribución, etc. [2014].
300 ## - DESCRIPCIÓN FÍSICA
Extensión 1 CD- ROM ;
Dimensiones 4 3/4 plg.
650 #7 - ASIENTO SECUNDARIO DE MATERIA - TERMINO TEMATICO
Término de materia o nombre geográfico como elemento de entrada Delitos sexuales
Fuente del encabezamiento o término
9 (RLIN) 7343
650 #4 - ASIENTO SECUNDARIO DE MATERIA - TERMINO TEMATICO
Término de materia o nombre geográfico como elemento de entrada Violencia contra las mujeres
Subdivisión geográfica México
9 (RLIN) 22959
905 ## - TIPO DE MATERIAL
Tipo de material Electrónico
Holdings
Estado de retiro Estado de pérdida Fuente del sistema de clasificación o colocación Estado dañado No para préstamo Código de colección Localización permanente Ubicación/localización actual Ubicación en estantería Fecha de adquisición Clasificación Código de barras Fecha visto por última vez Tipo de ítem Koha Nota pública
    Library of Congress Classification     Materiales complementarios y otros recursos electrónicos  Bib. Gregorio Torres Quintero Bib. Gregorio Torres Quintero Mostrador de préstamo Planta baja 24/09/2024 HV6556 E7.7 317975 31/12/2020 Disco Compacto Solicítalo en el mostrador de préstamo